000 00560nam a2200181 i 4500
001 91271
003 ES-MaACL
005 20250920063049.0
007 t|
008 050128s1916 fr ||||1| fre d
100 1 _aLetulle, Maurice,
_d1853-1929
_971893
245 1 3 _aLa tuberculose pleuro-pulmonaire /
_ccent sept planches autochromes par Maurice Letulle.
260 _aParis :
_b[Lahure],
_c1916.
300 _aVIII, 368 p., 107 lám. ;
_c28 cm.
650 0 7 _aTuberculosis
_2embne
_917658
852 _aES-MaACL
_jB-12053
999 _c91271
_d91271